000 01386nam a22002897a 4500
001 4544
003 FISKH
005 20250822083206.0
008 240913b cb ||||| |||| 00| 0 eng d
040 _aFISKH
_bKhmer
_cFISKH
_dFISKH
050 _aPZ7
082 _a570
100 _aReaksmey, Am
_eauthor
245 _aរឿងសម្ងាត់របស់សូភី /
_cអាំ រស្មី
250 _aបោះពុម្ពលើកទី១ ខែមិថុនា ឆ្នាំ២០០៨
260 _aភ្នំពេញ :
_bកិច្ចសហប្រតិបត្តិការអភិវឌ្ឍន៍ប៊ែលហ្ស៊ិក ;
_c២០០៨ .
300 _a8 pages :
_bcolor illustrations ;
_c25 cm .
505 _aD
520 _aសុភី បាន​ប្រាប់​អាថ៌កំបាំង​របស់​នាង​ដល់​មិត្ត​ម្នាក់ ប៉ុន្តែ​នៅ​ទី​បញ្ចប់​គ្រប់គ្នាក៏បាន​ដឹង​រឿង​នោះ។
520 _aSophy told her secret to one friend, but at the end everyone knew it.
521 8 _a160
_bLexile estimate
521 8 _aD
_bRaz-Plus
650 _aកងដៃ
_vរឿងប្រឌិត
650 _a Bracelet
_vfiction
942 _2ddc
_cBK
_n0
999 _c4544
_d4544